00896cam a22002537a 4500003000500000005001700005008004100022010001000063011001000073035001000083040000900093090001000102100003000112245010000142500008500242590004100327590004200368650002800410901000700438942001000445949004000455999001700495952013000512CHAP20220329134127.0971013s r 00010 d a15796 a16768 a20850 cCHAP aR-58500aHirschhorn, Elisa.95557714aLos carbones del maíz en la Argentinab: caracteres sistemáticos-genéticos y parasitarios aSobretiro de : Rev. de la Facultad de Agronomía. La Plata. 22(2):108-142, 1935 aBATCH-UPDb10c20130110lUCH01h2230 aCONVERSIONb10c20130109lUCH01h131014aUstilaginaceas.9117092 aBK cREIMP aR-585bBCcRd-48503eTS1i20850si c15796d15796 00104054718RaBCbBCcPA_Rd2012-12-17fREIMPl0oR-585p-48503r2019-12-31 00:00:00w2019-12-31yREIMPzRecien adquirido